| 000 | 00620nam a2200205 a 4500 | ||
|---|---|---|---|
| 005 | 20230316063600.0 | ||
| 008 | 120627s2003 ag r 000 0 spa d | ||
| 020 | _a9505813848 | ||
| 035 | _aUPN01000185564 | ||
| 049 | _aI | ||
| 050 | 4 |
_aPR3404 _bF3.6 |
|
| 100 | 1 |
_aDefoe, Daniel, _d1660-1731 _932426 |
|
| 245 | 1 | 3 |
_aEl fantasma provechoso y otros cuentos / _cDaniel Defoe ; il. Sanyu. |
| 260 |
_aBuenos Aires : _bColihue, _c2003. |
||
| 300 |
_a30 p. : _bil. |
||
| 440 | 4 | _aLos grandes para los chicos | |
| 500 | _aTÃtulo tomado de la cubierta | ||
| 650 | 4 |
_aCuentos infantiles ingleses _910002 |
|
| 905 | _aInfantil | ||
| 999 |
_c157667 _d157667 |
||